Martin Luther King : (Record no. 95462)

MARC details
000 -LEADER
campo de control de longitud fija 00868nam a2200265 i 4500
001 - NÚMERO DE CONTROL
campo de control 95462
003 - IDENTIFICADOR DE NÚMERO DE CONTROL
campo de control ES-MaACL
005 - FECHA Y HORA DE LA ÚLTIMA TRANSACCIÓN
campo de control 20250805063251.0
007 - CAMPO FIJO DE DESCRIPCIÓN FÍSICA--INFORMACIÓN GENERAL
campo de control de longitud fija t|
008 - DATOS DE LONGITUD FIJA--INFORMACIÓN GENERAL
campo de control de longitud fija 050530s1970 sp ||||1| spa d
017 ## - NÚMERO DE COPYRIGHT O DE DEPÓSITO LEGAL
Número de copyright o de depósito legal B 18385-1970
Agencia que asigna Oficina Depósito Legal Barcelona
080 ## - NÚMERO DE LA CLASIFICACIÓN DECIMAL UNIVERSAL
Número de la Clasificación Decimal Universal 929 King, Martin Luther
100 1# - ENTRADA PRINCIPAL--NOMBRE DE PERSONA
Nombre de persona Llarch, Joan,
Fechas asociadas al nombre 1920-1987
Término indicativo de función/relación Autor
9 (RLIN) 72722
245 10 - MENCIÓN DEL TÍTULO
Título Martin Luther King :
Resto del título una vida por la paz /
Mención de responsabilidad, etc. Joan Llarch
250 ## - MENCION DE EDICION
Mención de edición 1ª ed.
260 ## - PUBLICACIÓN, DISTRIBUCIÓN, ETC.
Lugar de publicación, distribución, etc. Barcelona :
Nombre del editor, distribuidor, etc. Juventud,
Fecha de publicación, distribución, etc. 1970
300 ## - DESCRIPCIÓN FÍSICA
Extensión 171 páginas ;
Dimensiones 18 cm
490 1# - MENCIÓN DE SERIE
Mención de serie Libros de bolsillo (Juventud) ;
Designación de volumen o secuencia 184
RLIN 241573
600 14 - PUNTO DE ACCESO ADICIONAL DE MATERIA--NOMBRE DE PERSONA
Nombre de persona King, Martin Luther,
Fechas asociadas al nombre 1929-1968
9 (RLIN) 68063
830 #0 - PUNTO DE ACCESO ADICIONAL DE SERIE-TÍTULO UNIFORME
Título uniforme Libros de bolsillo (Juventud) ;
Designación de volumen o secuencia 184
9 (RLIN) 241573
852 ## - LOCALIZACIÓN
Ubicación ES-MaACL
Ubicación en estantería Depósito 2
Número de control de estantería C-42530
942 ## - ELEMENTOS DE ENTRADA SECUNDARIOS (KOHA)
Fuente del sistema de clasificación o colocación Clasificación decimal universal
Tipo de ítem Koha Libro impreso
Suprimir en OPAC No
Holdings
Estatus retirado Estado de pérdida Estado de daño No para préstamo Biblioteca de origen Biblioteca actual Ubicación en estantería Fecha de adquisición Fuente de adquisición Total de préstamos Signatura topográfica completa Código de barras Visto por última vez Precio de reemplazo Tipo de ítem Koha
        Biblioteca del Ateneo de Madrid Biblioteca del Ateneo de Madrid Depósito 2 17/01/2008     C-42530 1099682 23/02/2023 23/02/2023 Libro impreso